Crisis in the humanities /

Uloženo v:
Podrobná bibliografie
Další autoři: Plumb, J. H. (John Harold), 1911-
Médium: Kniha
Jazyk:English
Vydáno: Harmondsworth, Middlesex : Penguin, 1964.
Edice:A Pelican original
Témata:
LEADER 00908nam a2200241 a 4500
001 c000300861
003 CARM
005 20130930101222.0
008 950911s1964 enk 000 0 eng d
019 1 |a 27510576  |z 42737032  |z 43980602  |z 3018147  |z 49701655  |z 56476375  |5 LACONCORD2021 
035 |a (OCoLC)30221483  |5 LACONCORD2021 
040 |a VCAV  |c VCAV 
082 0 4 |a 370.112  |2 19 
245 0 0 |a Crisis in the humanities /  |c edited by J.H. Plumb. 
260 |a Harmondsworth, Middlesex :  |b Penguin,  |c 1964. 
300 |a 172 p. 
490 0 |a A Pelican original 
650 0 |a Classical education. 
650 0 |a Education, Humanistic. 
700 1 |a Plumb, J. H.  |q (John Harold),  |d 1911- 
852 8 |b CARM  |h A3:AD17A0  |i A05470  |p 0550202  |f BK 
999 f f |i 87d7bae2-6e2c-50b6-897a-332d67288550  |s bb773a45-c9e7-51bb-9c16-fbcc12899a67 
952 f f |p Can circulate  |a CAVAL  |b CAVAL  |c CAVAL  |d CARM 1 Store  |e A05470  |f A3:AD17A0  |h Other scheme  |i book  |m 0550202